000 00250nam a22000977a 4500
999 _c11719
_d11719
008 200110b ||||| |||| 00| 0 eng d
020 _a3350026113
100 _aCapucilli Satin Alyssa
_97407
245 _aBear Hugs
260 _aNew York
_bGolden Book
_c2000